000 00534nam a2200169Ia 4500
003 GCL
008 140319s9999 xx 000 0 ara d
040 _aGCL /
_cGCL
082 0 4 _aق
_b962.064
_bع ن
100 1 _aعبدالله امام
245 1 0 _aالناصرية : دراسة بالوثائق فى الفكر الناصرى /
_cعبدالله امام
300 _a544 ص
490 _a
650 0 4 _aجمال عبدالناصر
650 0 4 _aمصر - تاريخ - العصر الحديث (1805 - 1956 )
942 _2ddc
_cBK
999 _c44345
_d44345